BUBT Library Online Catalog

Law of Transfer of Property (Record no. 2250)

000 -LEADER
fixed length control field 00601nam a2200217Ia 4500
003 - CONTROL NUMBER IDENTIFIER
control field BUBTL
008 - FIXED-LENGTH DATA ELEMENTS--GENERAL INFORMATION
fixed length control field 151213s9999 xx 000 0 und d
082 ## - DEWEY DECIMAL CLASSIFICATION NUMBER
Classification number 346.052/S2437t
100 ## - MAIN ENTRY--PERSONAL NAME
Personal name Sarathi, Vepa P.
9 (RLIN) 3902
245 ## - TITLE STATEMENT
Title Law of Transfer of Property
Statement of responsibility, etc. Vepa P.Sarathe
250 ## - EDITION STATEMENT
Edition statement 4th
260 ## - PUBLICATION, DISTRIBUTION, ETC. (IMPRINT)
Place of publication, distribution, etc. India
Name of publisher, distributor, etc. Eastern Book Company Lucknow
Date of publication, distribution, etc. c 2001
300 ## - PHYSICAL DESCRIPTION
Extent [xcvi], 384 p . :
Other physical details 22 cm.
500 ## - GENERAL NOTE
General note Includes Index.
650 ## - SUBJECT ADDED ENTRY--TOPICAL TERM
Topical term or geographic name as entry element Law
9 (RLIN) 3903
650 ## - SUBJECT ADDED ENTRY--TOPICAL TERM
Topical term or geographic name as entry element Law
9 (RLIN) 3903
700 ## - ADDED ENTRY--PERSONAL NAME
Personal name Vepa P.Sarathe
9 (RLIN) 3904
856 ## - ELECTRONIC LOCATION AND ACCESS
Password 0
Logon 0
Link text Download
942 ## - ADDED ENTRY ELEMENTS (KOHA)
Source of classification or shelving scheme
Koha item type Books
Holdings
Withdrawn status Lost status Source of classification or shelving scheme Damaged status Not for loan Collection code Permanent location Current location Shelving location Date acquired Inventory number Total Checkouts Full call number Barcode Date last seen Copy number Price effective from Koha item type Date last checked out
        Not For Loan Non-fiction Bangladesh University of Business and Technology Library Bangladesh University of Business and Technology Library Law Stacks 02/17/2021 3198   346.052/S2437t BUBTL-20033198 02/17/2021 C-1 02/17/2021 Books  
          Non-fiction Bangladesh University of Business and Technology Library Bangladesh University of Business and Technology Library Law Stacks 02/17/2021 3195   346.052/S2437t BUBTL-20033195 02/17/2021 C-2 02/17/2021 Books  
          Non-fiction Bangladesh University of Business and Technology Library Bangladesh University of Business and Technology Library Law Stacks 02/17/2021 3196 2 346.052/S2437t BUBTL-20033196 05/13/2024 C-3 02/17/2021 Books 05/07/2024

More Information About Library

Library Hours

  • Open: 9.00 am. to 9.00 pm.
  • Only Sunday: 9.00 am. to 6.00 pm.
  • Closed: Holiday

Contact to the University

Bangladesh University of Business and Technology Library

  • Mirpurl-2, 1216.
  • Phone:
  • Fax:
  • E-Mail: admin.library@bubt.edu.bd

Contact to the Library

Contact Person:

Md. Abdul Hakim Shah
Joint Librarian
PABX No:  113
Cell No: 01816332931
E-mail: official: admin.library@bubt.edu.bd
Personal: hakim.shah@bubt.edu.bd


BUBT Library

Copyright © 2021